| 000 | 00790am a2200265a 44500 | ||
|---|---|---|---|
| 003 | AR-BaBNM | ||
| 005 | 20251128211115.0 | ||
| 008 | 252120s1996 #AR|||||||||||000 | esp|| | ||
| 020 | _a968-24-5451-4 | ||
| 040 | _cAR-BaBNM | ||
| 100 | 1 | _aWaisburd, Gilda | |
| 245 | 1 | 0 |
_aCreatividad y transformación _bteoría y técnicas |
| 250 | _a1ª ed. | ||
| 260 |
_aMéxico, D.F. _bTrillas _c1996 |
||
| 300 |
_a310 p. _bil.=300 0# _bdiagr. |
||
| 500 | _aContiene: índice analítico en p. 303, discografía en p. 297,videografía en p. 299, | ||
| 504 | _aBibliografía en p. 293 | ||
| 650 | 4 | _aCREATIVIDAD | |
| 650 | 4 | _aDESARROLLO DE LA CREATIVIDAD | |
| 650 | 4 | _aTALLERES | |
| 650 | 4 | _aDESARROLLO DE LA PERSONALIDAD | |
| 650 | 4 | _aTECNICAS DIDACTICAS | |
| 942 | _cBK | ||
| 998 | _cAlicia | ||
| 999 |
_c18257 _d18257 |
||